| 000 | 00466nam a2200181Ia 4500 | ||
|---|---|---|---|
| 001 | 44289 | ||
| 008 | 140428s9999 xx 000 0 und d | ||
| 020 | _aNA | ||
| 040 | _cPK-LaUMT | ||
| 082 |
_aRHC 891.4394 _bHAS-J |
||
| 100 | _aHasan Askari, Muhammad | ||
| 245 |
_aJhalkiyaan (Urdu) _cHasan Askari, Muhammad |
||
| 260 |
_aLahore,Pakistan: _bMaktaba-e-Rahmania, _c1981 |
||
| 300 | _a362 p. | ||
| 546 | _aUR | ||
| 650 | _aPakistani literature-Urdu | ||
| 942 | _cBK | ||
| 999 |
_c42282 _d42282 |
||